000 00589nam a22002057a 4500
001 00028596
005 20260319150052.0
008 260319b ag ||||| |||| 00| 0 spa d
020 _a9500717484
040 _aAR-CcCEOS
_bspa
_cAR-CcCEOS
041 _aspa
080 _a860-3(82)
090 _bBIL
100 1 _aBilbao, Susana,
_d1945-
_9927
245 _aAmadísimo patrón :
_bEugenia Castro, la manceba de Rosas /
_cSusana Bilbao
264 _aBuenos Aires :
_bSudamericana,
_cc2000.
300 _a339 p. ;
_c24x15 cm.
655 0 _aliteratura argentina
_928
942 _2udc
_cBK
_n0
999 _c28626
_d28626